| 000 | 00936nas a2200289 4500 | ||
|---|---|---|---|
| 001 | BR8001019 | ||
| 003 | BR-BrBNA | ||
| 005 | 20231205084152.0 | ||
| 007 | ta | ||
| 008 | 230509b bl.|||p| |||| 00| 00por d | ||
| 040 |
_aBR-BrBNA _bpor _cBiblioteca Nacional de Agricultura |
||
| 041 | _a(Pt) | ||
| 072 | _aP05; F00 | ||
| 100 | 1 | _aAlvim, R. | |
| 100 | 1 | _aMaia, W.D. | |
| 245 | 1 | _aA contribuicao da mandioca como cultura energetica [Manihot esculenta] | |
| 246 | 1 | _a[The contribution of cassava crop for energy purposes [Manihot esculenta]] | |
| 650 | _aRecurso energetico | ||
| 650 | _aProducao vegetal | ||
| 650 | _aMandioca | ||
| 650 | _aCombustivel | ||
| 650 | _aAlcool | ||
| 650 | _aEtanol | ||
| 773 | 0 |
_tInforme Agropecuario - Empresa de Pesquisa Agropecuaria de Minas Gerais (Brazil) _xISSN 0100-3364 _g(Nov 1979), v. 5(59-60) p. 3-8 _wBR8001019 |
|
| 909 |
_a202311 _bLúcia _c55 _dLúcia Elande |
||
| 942 |
_2AGRIS _n0 _cANA |
||
| 999 |
_c103550 _d103550 |
||